000 00445nam a22001697a 4500
003 OSt
005 20210827144235.0
008 210827b |||||||| |||| 00| 0 eng d
020 _a0-7487-5475-X
040 _cHU
082 _24rt
_a513.53
100 _aJ. CRAWSHAW and J. CHAMBERS
_9569
245 _aa concise course in ADVANCED LEVEL STATISTICS With Worked examples
260 _bnelson thornes
_c2002
300 _a683
942 _2ddc
_cBOOKS
_n0
999 _c698
_d698